000 00725npc a2200217Ia 4500
001 dg65-30973
003 IT-MiCISF
005 20240424114332.0
008 161014s9999||||xx | und||
040 _aIT-MiCISF
_cIT-MiCISF
041 _ait
100 _aPiotti Mariantonia (a cura di)
_960679
245 0 _aSportello donna. Servizio di consulenza familiare.
_bRelazione dell'attività svolta dal luglio '95 al giugno '99 e progetto elaborato
260 _a Commissione Pari Opportunità,
_bProvincia di Brescia,
_c1999
300 _app. 22
500 _a / consulenza, consultori, famiglia, donna, esperienze /
650 _aconsulenza-familiare
654 _aRelazione
942 _cDD
_2ddc
999 _c207290
_d207290
999 _bsi